Ընդհանուր կենդանաբանություն : (Record no. 169122)
[ view plain ]
| 000 -LEADER | |
|---|---|
| fixed length control field | 01459nam a2200229 a 4500 |
| 001 - CONTROL NUMBER | |
| control field | 000463845 |
| 003 - CONTROL NUMBER IDENTIFIER | |
| control field | AM-YeHGA |
| 005 - DATE AND TIME OF LATEST TRANSACTION | |
| control field | 20250618072522.0 |
| 008 - FIXED-LENGTH DATA ELEMENTS--GENERAL INFORMATION | |
| fixed length control field | 051115s1932 ai r 000 0 arm d |
| 040 ## - CATALOGING SOURCE | |
| Original cataloging agency | AM-YeHGA |
| 041 0# - LANGUAGE CODE | |
| Language code of text/sound track or separate title | arm |
| 090 ## - LOCALLY ASSIGNED LC-TYPE CALL NUMBER (OCLC); LOCAL CALL NUMBER (RLIN) | |
| -- | 170555 |
| 100 1# - MAIN ENTRY--PERSONAL NAME | |
| Personal name | Տեր-Պողոսյան, Ավետիք Գրիգորի, |
| Dates associated with a name | 1880-1954 |
| 9 (RLIN) | 3929 |
| 245 10 - TITLE STATEMENT | |
| Title | Ընդհանուր կենդանաբանություն : |
| Remainder of title | Առաջադրություն / |
| Statement of responsibility, etc. | Պրոֆ. Ա. Տեր-Պողոսյան; ՀՍԽՀ Հեռ. ինդուստրիալ-ագրարային մանկ. ին-տ. |
| 260 ## - PUBLICATION, DISTRIBUTION, ETC. | |
| Place of publication, distribution, etc. | Յերևան : |
| Name of publisher, distributor, etc. | Պետհրատ,. |
| 300 ## - PHYSICAL DESCRIPTION | |
| Extent | Առաջադրություն. |
| 505 10 - FORMATTED CONTENTS NOTE | |
| Miscellaneous information | Առաջադրություն 1-2 (1932, 52 էջ : նկ.) : |
| -- | Ներածություն յև բջջաբանություն |
| Miscellaneous information | Առաջադրություն N 3, 4, 5 (1933, 90 էջ: նկ.) |
| -- | Բազմացումը կենդանական աշխարհում; Փոփոխականություն յեվ ժառանգականություն; Ընդհանուր սաղմաբանություն |
| Miscellaneous information | Առաջադրություն N 6 (1933, 30 էջ: նկ.) |
| -- | Ընդհանուր հյուսվածաբանություն |
| 650 14 - SUBJECT ADDED ENTRY--TOPICAL TERM | |
| Topical term or geographic name entry element | Կենդանաբանություն |
| General subdivision | Բջջաբանություն |
| 653 0# - INDEX TERM--UNCONTROLLED | |
| Uncontrolled term | Կենդանական աշխարհ - Բազմացում |
| 710 2# - ADDED ENTRY--CORPORATE NAME | |
| Corporate name or jurisdiction name as entry element | Հեռակա ինդուստրիալ-ագրարային մանկավարժական ինստիտուտ ՀՍԽՀ |
| 942 ## - ADDED ENTRY ELEMENTS (KOHA) | |
| Source of classification or shelving scheme | Universal Decimal Classification |
| Koha item type | Գրքեր / Books |
| Withdrawn status | Lost status | Damaged status | Not for loan | Collection | Home library | Current library | Date acquired | Serial enumeration / chronology | Shelving control number | Total checkouts | Full call number | Barcode | Date last seen | Price effective from | Koha item type | Public note |
|---|---|---|---|---|---|---|---|---|---|---|---|---|---|---|---|---|
| General | Fundamental Scientific Library | Fundamental Scientific Library | 28/12/2016 | 1-2 | AII/38866 | 220038866 | 28/12/2016 | 28/12/2016 | Գրքեր / Books | 30 Days Loan | ||||||
| General | Fundamental Scientific Library | Fundamental Scientific Library | 28/12/2016 | 3,4,5 | AIII/3050 | FL0068409 | 28/12/2016 | 28/12/2016 | Գրքեր / Books | 30 Days Loan | ||||||
| General | Fundamental Scientific Library | Fundamental Scientific Library | 28/12/2016 | 6 | AIII/89 | FL0045009 | 28/12/2016 | 28/12/2016 | Գրքեր / Books | 30 Days Loan | ||||||
| General | Fundamental Scientific Library | Fundamental Scientific Library | 28/12/2016 | 3,4,5 | AIII/90 | FL0045008 | 28/12/2016 | 28/12/2016 | Գրքեր / Books | 30 Days Loan |
ՀՀ Գիտությունների ազգային ակադեմիայի հիմնարար գիտական գրադարան = Fundamental Scientific Library of NAS RA
All site content, except where otherwise noted, is licensed under a